| 000 | nam a22 a 4500 | ||
|---|---|---|---|
| 999 |
_c447458 _d447458 |
||
| 003 | BLK | ||
| 005 | 20220308124941.0 | ||
| 008 | 220308b bu |||||r|||| 00| | bu d | ||
| 040 | _aBLK | ||
| 041 |
_aBUL _cBUL |
||
| 080 |
_aБългарска литература _b821.163.2 _x(062) _z821.163.2(062) |
||
| 139 |
_aТикви на плет _bТ 54 |
||
| 245 |
_aТикви на плет _bБеленски хумор _cРед. Иван Северняшки _h[Малотир. изд.] |
||
| 260 |
_9210734 _aБяла _bКлуб на дейците на културата _c1993 |
||
| 300 |
_a40 с. _c20 см |
||
| 380 | _aX | ||
| 700 |
_91311 _aСеверняшки, Иван _eред. |
||
| 852 |
_bК _cК 821.163.2/Т 54 |
||
| 942 |
_cKNG _n0 _s1 |
||
| 944 |
_aCR _c2022-03-08 _kВЙ |
||
| 999 | _d447458 | ||